Európai Unió: álom és valóság
Elmentve itt :
| Szerző: | |
|---|---|
| Adatforrás: | Meister |
| Forrásdokumentuma: | A Hét. - 40 sz., 1993, 14 p. |
| Nyelv: | magyar |
| Kulcsszavak: | politikatörténet intézménytörténet politikai intézmények Maastrichti Szerződés Maastricht DELORS Jacques Európai Unió (EU) |
| LEADER | 00537nab a2200193 i 4500 | ||
|---|---|---|---|
| 001 | bibPRO00005530 | ||
| 008 | 060524s1993 xx hun | ||
| 040 | |a Sz1 | ||
| 041 | |a hun | ||
| 100 | 1 | |a BARACS Dénes | |
| 245 | 1 | 0 | |a Európai Unió: álom és valóság |c BARACS Dénes |
| 695 | |a politikatörténet | ||
| 695 | |a intézménytörténet | ||
| 695 | |a politikai intézmények | ||
| 695 | |a Maastrichti Szerződés | ||
| 695 | |a Maastricht | ||
| 695 | |a DELORS Jacques | ||
| 695 | |a Európai Unió (EU) | ||
| 773 | 0 | |t A Hét. - |g 40 sz., 1993, 14 p. | |